|
|
|
|
| LEADER |
00000nam0a2200000 4500 |
| 001 |
148543 |
| 005 |
20231101221354.0 |
| 035 |
|
|
|a (RuTPU)RU\TPU\book\161047
|
| 035 |
|
|
|a RU\TPU\book\161044
|
| 035 |
|
|
|a RU\TPU\book\161047
|
| 035 |
|
|
|a RU\TPU\book\282049
|
| 090 |
|
|
|a 148543
|
| 100 |
|
|
|a 20081204d1926 k y0gery50 ba
|
| 101 |
0 |
|
|a ger
|
| 102 |
|
|
|a DE
|
| 105 |
|
|
|a a z 001zy
|
| 200 |
1 |
|
|a Vorlesungen über Neuere Geometrie
|f M. Pasch
|
| 205 |
|
|
|a Zweite auflage
|
| 210 |
|
|
|a Berlin
|c Verlag von Julius springer
|d 1926
|
| 215 |
|
|
|a 278 s.
|c il.
|
| 225 |
1 |
|
|a Die grundlehren der Mathematischen Wissenschaften in Einzeldarstellungen mit Besonderer Berücksichtigung der Anwendungsgebiete
|v Bd. XXIII
|
| 317 |
|
|
|5 63413507: 270428
|a Культурные ценности, перемещенные в СССР в результате Второй мировой войны
|
| 320 |
|
|
|a Sachverzeichnis: p. 272-275.
|
| 423 |
|
|
|t Die Grundlegung der Geometrie in Historiscyte Entwicklung
|f M. Dehn
|a Dehn, Max
|
| 606 |
1 |
|
|a Геометрия
|2 stltpush
|3 (RuTPU)RU\TPU\subj\6171
|9 34123
|
| 610 |
1 |
|
|a математика
|
| 610 |
1 |
|
|a геометрия
|
| 610 |
1 |
|
|a теоремы
|
| 610 |
1 |
|
|a задачи
|
| 610 |
1 |
|
|a решения
|
| 610 |
1 |
|
|a алгебраическая геометрия
|
| 610 |
1 |
|
|a немецкий язык
|
| 610 |
1 |
|
|a история
|
| 610 |
1 |
|
|a прямые линии
|
| 610 |
1 |
|
|a плоскости
|
| 610 |
1 |
|
|a лучи
|
| 610 |
1 |
|
|a пучки
|
| 610 |
1 |
|
|a точки
|
| 610 |
1 |
|
|a прямые
|
| 610 |
1 |
|
|a уровни
|
| 610 |
1 |
|
|a фигуры
|
| 610 |
1 |
|
|a перспектива
|
| 610 |
1 |
|
|a конгруэнции
|
| 610 |
1 |
|
|a конгруэнтность
|
| 610 |
1 |
|
|a графики
|
| 610 |
1 |
|
|a проекции
|
| 610 |
1 |
|
|a координаты
|
| 610 |
1 |
|
|a аксиомы
|
| 610 |
1 |
|
|a геометрия Лобачевского
|
| 610 |
1 |
|
|a параллельность
|
| 610 |
1 |
|
|a параллельные
|
| 610 |
1 |
|
|a непрерывность
|
| 610 |
1 |
|
|a проективная геометрия
|
| 610 |
1 |
|
|a евклидова геометрия
|
| 610 |
1 |
|
|a немецкий язык
|
| 675 |
|
|
|a 514
|v 3
|
| 700 |
|
1 |
|a Pasch
|b M.
|g Moritz
|
| 801 |
|
1 |
|a RU
|b 63413507
|c 20081204
|g PSBO
|
| 801 |
|
2 |
|a RU
|b 63413507
|c 20151203
|g PSBO
|
| 942 |
|
|
|c BK
|